000 00392 a2200133 4500
001 ART_55640
005 20260410162009.0
008 260409a
245 1 0 _aEfectos colaterales de la pandemia.
100 1 _aDi Lernia, María C.
700 1 _aDíaz, Ana I.
700 1 _aMEDVESCIG, Griselda
773 0 _tTemas de derecho civil
_g- Año 8, N° 4 (abr. 2022)
_wREV34778
999 _c32006
_d32006